Southville International School and Colleges
Your cart is empty.
  • Cart
  • Lists
    Public lists Eva Luna New books Lux_list list_1
    Your lists Log in to create your own lists
  • Log in to your account
  • Your cookies
  • Search history
Southville International School and Colleges
  • Advanced search
  • Recent comments
  • Most popular
  • Libraries

Log in to your account

Log in with GOOGLE


If you do not have an external account, but do have a local account, you can still log in:

  1. Home
  2. MARC view: Human resource information systems :
Normal view MARC view ISBD view

Human resource information systems : (Record no. 25984)

[ view plain ]
MARC details
000 -LEADER
fixed length control field 00871nam a22002297a 4500
005 - DATE AND TIME OF LATEST TRANSACTION
control field 20141202153940.0
008 - FIXED-LENGTH DATA ELEMENTS--GENERAL INFORMATION
fixed length control field 140109b xxu||||| |||| 00| 0 eng d
020 ## - INTERNATIONAL STANDARD BOOK NUMBER
International Standard Book Number 9781412991667
050 ## - LIBRARY OF CONGRESS CALL NUMBER
Classification number HF 5549.5.D37
Item number .H86 2015
245 ## - TITLE STATEMENT
Title Human resource information systems :
Remainder of title basics, applications, and future directions /
Statement of responsibility, etc editors, Michael J. Kavanagh, Mohan Thite and Richard D. Johnson.
250 ## - EDITION STATEMENT
Edition statement 2nd ed.
260 ## - PUBLICATION, DISTRIBUTION, ETC. (IMPRINT)
Place of publication, distribution, etc Thousand Oaks, Calif. :
Name of publisher, distributor, etc SAGE,
Date of publication, distribution, etc 2012.
300 ## - PHYSICAL DESCRIPTION
Extent xxiii, 623 p. :
Other physical details ill. ;
Dimensions 24 cm.
504 ## - BIBLIOGRAPHY, ETC. NOTE
Bibliography, etc Includes bibliographical references and indexes.
650 ## - SUBJECT ADDED ENTRY--TOPICAL TERM
Topical term or geographic name as entry element Personnel management
General subdivision Information technology.
650 ## - SUBJECT ADDED ENTRY--TOPICAL TERM
Topical term or geographic name as entry element Personnel management
General subdivision Data processing.
700 ## - ADDED ENTRY--PERSONAL NAME
Personal name Kavanagh, Michael J.
Relator term editor.
700 ## - ADDED ENTRY--PERSONAL NAME
Personal name Thite, Mohan
Relator term editor.
700 ## - ADDED ENTRY--PERSONAL NAME
Personal name Johnson, Richard D.
Relator term editor.
942 ## - ADDED ENTRY ELEMENTS (KOHA)
Source of classification or shelving scheme Library of Congress Classification
Koha item type Books
Call number prefix Foreign
Holdings
Withdrawn status Lost status Source of classification or shelving scheme Damaged status Home library Current library Shelving location Date acquired Total Checkouts Total Renewals Full call number Barcode Date last seen Date checked out Copy number Price effective from Koha item type
    Library of Congress Classification   College Library College Library Reserve Section 01/09/2014 1 1 HF 5549.5.D37 .H86 2015 C17426 05/15/2018 01/03/2018 1 01/09/2014 Books

Human resource information systems :

APA

Kavanagh M. J., Thite M. & Johnson R. D. (2012). Human resource information systems. Thousand Oaks, Calif: SAGE.

Chicago

Kavanagh Michael J, Thite Mohan and Johnson Richard D. 2012. Human resource information systems. Thousand Oaks, Calif: SAGE.

Harvard

Kavanagh M. J., Thite M. and Johnson R. D. (2012). Human resource information systems. Thousand Oaks, Calif: SAGE.

MLA

Kavanagh Michael J, Thite Mohan and Johnson Richard D. Human resource information systems. Thousand Oaks, Calif: SAGE. 2012.

  • Place hold
  • Print
  • Cite
  • Add to your cart (remove)
  • Save record
    BIBTEX Dublin Core MARCXML MARC (non-Unicode/MARC-8) MARC (Unicode/UTF-8) MARC (Unicode/UTF-8, Standard) MODS (XML) RIS
  • More searches
    Search for this title in:
    Other Libraries (WorldCat) Other Databases (Google Scholar) Online Stores (Bookfinder.com) Open Library (openlibrary.org)

Exporting to Dublin Core...

SOUTHVILLE LIBRARY

Southville International School and Colleges Library

1281 Tropical Ave. Cor. Luxembourg St., BF Homes International, Las Pinas City

Tel. No. 8256374 / 252358 Loc. 117/146

Powered by Koha